| 000 | 00617nam a2200241 a 4500 | ||
|---|---|---|---|
| 001 | nice12345678 | ||
| 003 | IN_TiNIC | ||
| 005 | 20260116014308.0 | ||
| 008 | 070321s2005 newa grp 000 0 eng | ||
| 020 |
_a _c795 |
||
| 082 | 0 | 0 |
_a327.174 _bLAR |
| 100 | _aLarsen, Jeffrey A | ||
| 245 |
_aArms Control _b Cooperative Security in a Changing Environment |
||
| 260 |
_aNew Delhi _bViva Books _c2005 |
||
| 300 | _a412p | ||
| 500 | _aincludes index and biblioraphy | ||
| 505 | 2 | _aAppendix-2,Index | |
| 650 | _aDisarmament | ||
| 700 | 1 | _aLarsen, Jeffrey A | |
| 902 | _bSRS | ||
| 942 | _cBK | ||
| 999 |
_c14687 _d14687 |
||